01034cam a22002531 4500001001300000003000400013005001700017008004100034010001700075035001900092040003000111042001200141050002300153100007000176245010300246250001300349260009000362300003000452500010300482500008600585504004100671600003400712700003400746sa 67005183 DLC20260227112354.0790321s1949 ii b 000 0 eng  asa 67005183  a(OCoLC)4762911 aDLCcMnUdMnUdOCoLCdDLC apremarc00aPK3661.Z9bS2 19492 aSrinivasa Sastri, V. S.q(Valangiman Sankaranarayana),d1869-194610aLectures on the Ramayana,cby V. S. Srinivasa Sastri. With a foreword by T. R. Venkatarama Sastri. a[1st ed. aMadras]bPublished on behalf of the Madras Samskrit Academy by S. Viswanathanc[1949] aix, xxxii, 500 p.c23 cm. a"A collection of thirty discourses on the Ramayana ... delivered at the Samskrit Academy in 1944." aIncludes quotations and selections from Vālmīki's Rāmāyaṇa in Sanskrit. aIncludes bibliographical references.00aVālmīki.tRāmāyaṇa.0 aVālmīki.tRāmāyaṇa.